[Event "Hessen Senioren-ch 2012  8th"]
[Site "Bad Sooden-Adf. (14.4.-22.4)"]
[Date "2012.04.20"]
[Round "7.86"]
[White "Schmieder, Wolfgang"]
[Black "Borkenhagen, Bernd"]
[Result "1-0"]
[WhiteElo "1551"]
[BlackElo "1358"]
[PlyCount "57"]
[EventDate "2012.04.??"]
[EventType "swiss"]
[EventRounds "9"]
[EventCountry "GER"]
[WhiteTeam "Kassel SVH"]
[BlackTeam "Hamelner SV"]

1. c4 e5 2. Nc3 c6 3. Nf3 d6 4. d4 exd4 5. Qxd4 Qf6 6. Qd1 h6 7. e4 Bg4 8. Be2
Nd7 9. h3 Bxf3 10. Bxf3 Ne5 11. Be2 Qd8 12. b3 Be7 13. O-O Nf6 14. Bb2 O-O 15.
Qc2 Qc7 16. Rad1 Rad8 17. Qb1 a6 18. f4 Ned7 19. Rd3 Ne8 20. Rg3 Bf6 21. Kh1 b5
22. cxb5 axb5 23. Rc1 Qa5 24. Bf3 Nb8 25. Ne2 Bxb2 26. Qxb2 b4 27. Nd4 Kh8 28.
Nf5 Kh7 29. Rxg7+ 1-0

[Event "Hessen Senioren-ch 2012  8th"]
[Site "Bad Sooden-Adf. (14.4.-22.4)"]
[Date "2012.04.20"]
[Round "7.87"]
[White "Wernitz, Armin"]
[Black "Krueger, Bernhard"]
[Result "0-1"]
[WhiteElo "1328"]
[BlackElo "1530"]
[PlyCount "84"]
[EventDate "2012.04.??"]
[EventType "swiss"]
[EventRounds "9"]
[EventCountry "GER"]
[WhiteTeam "Brandenburg Post SpV"]
[BlackTeam "Grunbach SC"]

1. Nf3 Nf6 2. d4 e6 3. g3 d5 4. Bg2 Be7 5. O-O O-O 6. b3 Nbd7 7. Nbd2 c5 8. c4
b6 9. Bb2 Bb7 10. Qc2 Rc8 11. Rad1 Ba6 12. Rfe1 Re8 13. e4 Nf8 14. Ne5 cxd4 15.
Qd3 dxe4 16. Nxe4 Bb4 17. Re2 Nxe4 18. Bxe4 Bc5 19. a3 f6 20. Nc6 Qd7 21. Nxd4
Bxd4 22. Bxd4 Rcd8 23. Red2 Bb7 24. Qe3 Qc8 25. f4 Qa8 26. Bxb7 Qxb7 27. b4 Rd7
28. c5 bxc5 29. bxc5 Qc6 30. Kf2 e5 31. Qb3+ Kh8 32. Be3 exf4 33. gxf4 Rde7 34.
Rd3 Rb7 35. Qc3 Rbe7 36. Qa5 Ne6 37. Rd6 Qc8 38. c6 Nxf4 39. Bxf4 Re2+ 40. Kf3
Qh3+ 41. Bg3 Qg2+ 42. Kf4 Qe4# 0-1

[Event "Hessen Senioren-ch 2012  8th"]
[Site "Bad Sooden-Adf. (14.4.-22.4)"]
[Date "2012.04.20"]
[Round "7.88"]
[White "Preiss, Lore"]
[Black "Stratmann, Alois"]
[Result "1-0"]
[WhiteElo "1524"]
[BlackElo "1382"]
[PlyCount "103"]
[EventDate "2012.04.??"]
[EventType "swiss"]
[EventRounds "9"]
[EventCountry "GER"]
[WhiteTeam "Steinhagen SK"]
[BlackTeam "Ahlen 1954 SV"]

1. d4 Nf6 2. Nf3 e6 3. e3 c5 4. Bd3 Qc7 5. O-O b6 6. h3 Bb7 7. Nbd2 Be7 8. b3
d5 9. dxc5 Bxc5 10. Bb2 Nbd7 11. Rc1 O-O 12. Re1 Qd6 13. c4 Ba3 14. Bxa3 Qxa3
15. Rc2 h6 16. cxd5 Nxd5 17. Be4 Qe7 18. Bxd5 Bxd5 19. e4 Bb7 20. Rc7 Ba6 21.
Nc4 Bxc4 22. Rxd7 Qc5 23. bxc4 Qxc4 24. Qd2 Qb5 25. Rd1 Qa4 26. e5 Rac8 27. Rd4
Rc4 28. Rxc4 Qxc4 29. a3 Qa4 30. Ra1 Rc8 31. Ne1 Qb3 32. Qb4 Qd5 33. Nf3 Rc4
34. Qd2 Qa8 35. Rd1 Rc8 36. Qd7 Rf8 37. Rd4 a5 38. Qc7 Qa6 39. Rd6 Rc8 40. Qxb6
Qc4 41. Qxa5 Qc1+ 42. Ne1 Qa1 43. Kf1 Qa2 44. Rd8+ Rxd8 45. Qxd8+ Kh7 46. Qd3+
Kg8 47. g3 Qb2 48. Nf3 Qa1+ 49. Kg2 Qb2 50. a4 Qb7 51. Qb5 Qa8 52. a5 1-0

[Event "Hessen Senioren-ch 2012  8th"]
[Site "Bad Sooden-Adf. (14.4.-22.4)"]
[Date "2012.04.20"]
[Round "7.89"]
[White "Luebbers, Doris Dr"]
[Black "Britz, Helmut"]
[Result "1/2-1/2"]
[WhiteElo "1345"]
[BlackElo "1344"]
[PlyCount "71"]
[EventDate "2012.04.??"]
[EventType "swiss"]
[EventRounds "9"]
[EventCountry "GER"]
[WhiteTeam "Königstein/Schwalbach Sfr."]
[BlackTeam "GER/"]

1. d4 d5 2. Nf3 c6 3. e3 Bg4 4. Be2 Bxf3 5. Bxf3 e6 6. Nd2 Nf6 7. c3 Be7 8. O-O
O-O 9. Re1 Nbd7 10. e4 dxe4 11. Bxe4 Nd5 12. Bxd5 cxd5 13. Nf3 h6 14. Bf4 Re8
15. h3 Nf8 16. Ne5 f6 17. Nd3 g5 18. Bh2 Bd6 19. Bxd6 Qxd6 20. Qf3 Kg7 21. Re3
Re7 22. Rae1 Rae8 23. g4 Ng6 24. Qg3 Nf4 25. Rf3 e5 26. Rfe3 b6 27. Nc1 Qc7 28.
Nb3 e4 29. Nc1 Kf7 30. Ne2 Nd3 31. Qxc7 Rxc7 32. Rb1 Kg6 33. Ng3 Nf4 34. Kh2 b5
35. a3 Re6 36. Nf5 1/2-1/2

[Event "Hessen Senioren-ch 2012  8th"]
[Site "Bad Sooden-Adf. (14.4.-22.4)"]
[Date "2012.04.20"]
[Round "7.90"]
[White "Paulin, Dieter"]
[Black "Kage, August"]
[Result "0-1"]
[WhiteElo "1493"]
[BlackElo "1346"]
[PlyCount "67"]
[EventDate "2012.04.??"]
[EventType "swiss"]
[EventRounds "9"]
[EventCountry "GER"]
[WhiteTeam "Dingelstädt 1921 SK"]
[BlackTeam "Göttingen Rot-Weiß ESV"]

1. a3 c5 2. e4 e6 3. Nf3 Nf6 4. Nc3 d6 5. Be2 a6 6. d3 Qc7 7. Bf4 Nbd7 8. Nd2
b6 9. O-O Bb7 10. Bf3 Be7 11. Qe2 O-O 12. Rae1 e5 13. Be3 Rfe8 14. Nd5 Nxd5 15.
exd5 Nf8 16. c4 Bc8 17. g3 f5 18. Bg2 Bf6 19. b3 Qd7 20. f3 Ra7 21. Qd1 g5 22.
Bf2 Qg7 23. g4 Ng6 24. Bg3 Nf4 25. Bxf4 gxf4 26. h3 Bh4 27. Re2 Qf6 28. Kh1 Bg3
29. Rg1 Qh4 30. Qf1 h5 31. gxf5 Bxf5 32. Ne4 Bxe4 33. fxe4 Qe7 34. Qf3 0-1

[Event "Hessen Senioren-ch 2012  8th"]
[Site "Bad Sooden-Adf. (14.4.-22.4)"]
[Date "2012.04.20"]
[Round "7.91"]
[White "Fuhlrott, Heinz"]
[Black "Wauer, Klaus"]
[Result "1/2-1/2"]
[WhiteElo "1501"]
[BlackElo "1362"]
[PlyCount "75"]
[EventDate "2012.04.??"]
[EventType "swiss"]
[EventRounds "9"]
[EventCountry "GER"]
[WhiteTeam "Winsen Fichte MTV"]
[BlackTeam "Nordhausen 51 SC"]

1. d4 d5 2. Nf3 c6 3. c3 Bf5 4. Bg5 Nd7 5. e3 Ngf6 6. Bd3 Bxd3 7. Qxd3 Ne4 8.
Bf4 h6 9. Nbd2 Ndf6 10. Nxe4 Nxe4 11. Nd2 Nf6 12. O-O-O e6 13. Nf3 Nd7 14. Ne5
Nxe5 15. Bxe5 Qg5 16. Rhg1 g6 17. g4 c5 18. f4 Qe7 19. Rdf1 f6 20. Qxg6+ Qf7
21. Qxf7+ Kxf7 22. Bc7 cxd4 23. exd4 Rc8 24. Ba5 Rc6 25. Kb1 b6 26. Bb4 Bxb4
27. cxb4 Rc4 28. Rc1 Rd8 29. Rxc4 dxc4 30. Rc1 Rxd4 31. b3 b5 32. a4 Rxf4 33.
h3 e5 34. bxc4 bxc4 35. Kb2 Ke6 36. Rd1 Rd4 37. Re1 Rd3 38. b5 1/2-1/2

[Event "Hessen Senioren-ch 2012  8th"]
[Site "Bad Sooden-Adf. (14.4.-22.4)"]
[Date "2012.04.20"]
[Round "7.92"]
[White "Graffenberger, Wilhelm"]
[Black "Winkler, Werner"]
[Result "1-0"]
[WhiteElo "1484"]
[BlackElo "1513"]
[PlyCount "61"]
[EventDate "2012.04.??"]
[EventType "swiss"]
[EventRounds "9"]
[EventCountry "GER"]
[WhiteTeam "Hamburger SK"]
[BlackTeam "Bad Sooden-Allendorf SK"]

1. d4 d5 2. Nf3 h6 3. e3 a6 4. Bd3 Nf6 5. Nbd2 e6 6. O-O Bd6 7. Re1 O-O 8. c3
Nc6 9. e4 dxe4 10. Nxe4 Nxe4 11. Rxe4 Ne7 12. Rh4 Ng6 13. Rh5 Nf4 14. Bxf4 Bxf4
15. Ne5 Qf6 16. Bc2 g6 17. Qd3 Bxe5 18. Rxe5 Qg7 19. Bb3 b6 20. Rae1 Bb7 21. h4
h5 22. Rg5 Kh7 23. Rxh5+ Kg8 24. Rg5 Qh6 25. Bxe6 fxe6 26. Rxg6+ Qxg6 27. Qxg6+
Kh8 28. Re5 Rf5 29. Qh6+ Kg8 30. Qxe6+ Kg7 31. Rxf5 1-0

[Event "Hessen Senioren-ch 2012  8th"]
[Site "Bad Sooden-Adf. (14.4.-22.4)"]
[Date "2012.04.20"]
[Round "7.94"]
[White "Ludwig, Siegfried"]
[Black "Geibel, Henning"]
[Result "1-0"]
[WhiteElo "1412"]
[BlackElo "1237"]
[PlyCount "53"]
[EventDate "2012.04.??"]
[EventType "swiss"]
[EventRounds "9"]
[EventCountry "GER"]
[WhiteTeam "Hemmingen GSV"]
[BlackTeam "Bargteheide SV"]

1. e4 e5 2. Nf3 d6 3. Nc3 Be7 4. Bc4 a6 5. h3 b5 6. Be2 Nc6 7. d4 exd4 8. Nxd4
Nxd4 9. Qxd4 Bf6 10. Qe3 Ne7 11. O-O Nc6 12. Rd1 Nb4 13. Qd2 Be7 14. a3 Nc6 15.
b4 O-O 16. Nd5 Bh4 17. Qe3 h6 18. Bb2 Re8 19. Qc3 Ne5 20. Nxc7 Qf6 21. Rf1 Bb7
22. Nxe8 Rxe8 23. f4 Nd7 24. Qxf6 Nxf6 25. Bxf6 Bxf6 26. Rad1 Bxe4 27. Bd3 1-0

[Event "Hessen Senioren-ch 2012  8th"]
[Site "Bad Sooden-Adf. (14.4.-22.4)"]
[Date "2012.04.20"]
[Round "7.95"]
[White "Geist, Wolfgang"]
[Black "Hartlaub, Marianne"]
[Result "0-1"]
[WhiteElo "1348"]
[BlackElo "1328"]
[PlyCount "76"]
[EventDate "2012.04.??"]
[EventType "swiss"]
[EventRounds "9"]
[EventCountry "GER"]
[WhiteTeam "Artern 90 SSV"]
[BlackTeam "Klingenberg SK"]

1. d4 d6 2. Nf3 Nf6 3. e3 Bg4 4. Nbd2 c6 5. c3 Nbd7 6. Qb3 Qc7 7. h3 Bxf3 8.
Nxf3 b5 9. Ng5 e6 10. Bd3 Be7 11. Nf3 O-O 12. Qc2 d5 13. O-O a6 14. b3 Rac8 15.
b4 a5 16. a3 axb4 17. axb4 Ra8 18. Bd2 Nb6 19. Rxa8 Rxa8 20. Rb1 Nbd7 21. Qc1
e5 22. dxe5 Nxe5 23. Nxe5 Qxe5 24. f4 Qe6 25. Ra1 Rxa1 26. Qxa1 Ne4 27. Bxe4
dxe4 28. Qa8+ Bf8 29. Qd8 f5 30. Be1 Kf7 31. Qc7+ Kg6 32. Qe5 Qxe5 33. fxe5 Kf7
34. g4 fxg4 35. hxg4 g6 36. Kf2 Ke6 37. Ke2 Bg7 38. Kd2 Bxe5 0-1

[Event "Hessen Senioren-ch 2012  8th"]
[Site "Bad Sooden-Adf. (14.4.-22.4)"]
[Date "2012.04.20"]
[Round "7.96"]
[White "Girod, Gudrun"]
[Black "Freerksen, Uwe"]
[Result "1/2-1/2"]
[WhiteElo "1301"]
[BlackElo "1275"]
[PlyCount "48"]
[EventDate "2012.04.??"]
[EventType "swiss"]
[EventRounds "9"]
[EventCountry "GER"]
[WhiteTeam "Hannover 96 Schach"]
[BlackTeam "Emden SK"]

1. d4 d5 2. Bf4 Nf6 3. h3 b6 4. Nf3 Bb7 5. e3 e6 6. Be2 Nbd7 7. Nbd2 Be7 8. O-O
O-O 9. c3 c5 10. Rc1 h6 11. Qa4 Nh7 12. Ba6 Bxa6 13. Qxa6 Ndf6 14. Ne5 Qc8 15.
Qb5 Nh5 16. Bh2 Bd6 17. Qe2 N5f6 18. f4 Bxe5 19. fxe5 Nd7 20. e4 dxe4 21. Nxe4
f5 22. Nd6 Qd8 23. Bf4 Ng5 24. Qh5 Ne4 1/2-1/2

[Event "Hessen Senioren-ch 2012  8th"]
[Site "Bad Sooden-Adf. (14.4.-22.4)"]
[Date "2012.04.20"]
[Round "7.97"]
[White "Groener, Marga"]
[Black "Semisch, Helga"]
[Result "1/2-1/2"]
[WhiteElo "1333"]
[BlackElo "1256"]
[PlyCount "34"]
[EventDate "2012.04.??"]
[EventType "swiss"]
[EventRounds "9"]
[EventCountry "GER"]
[WhiteTeam "Freibauer Wedemark"]
[BlackTeam "Schmalkalden 04 SV"]

1. d4 d5 2. Bf4 Nf6 3. e3 e6 4. h3 Nc6 5. c3 a6 6. Bd3 b5 7. Nd2 Bb7 8. Ngf3 g6
9. e4 Bg7 10. e5 Nh5 11. Bh2 O-O 12. O-O Ne7 13. Nb3 c6 14. Nc5 Bc8 15. Re1 Bh6
16. Bc2 Nf5 17. Nb3 Nf4 1/2-1/2

[Event "Hessen Senioren-ch 2012  8th"]
[Site "Bad Sooden-Adf. (14.4.-22.4)"]
[Date "2012.04.20"]
[Round "7.98"]
[White "Stuiber, Ingeborg"]
[Black "Helm, Irmgard"]
[Result "1/2-1/2"]
[WhiteElo "982"]
[BlackElo "1369"]
[PlyCount "45"]
[EventDate "2012.04.??"]
[EventType "swiss"]
[EventRounds "9"]
[EventCountry "GER"]
[WhiteTeam "Euskirchen SK"]
[BlackTeam "Berlin Oberschöneweide TSG"]

1. d4 d5 2. e3 a6 3. Bd3 Nf6 4. f4 Nbd7 5. Nf3 c5 6. c3 c4 7. Bc2 Ne4 8. O-O
Ndf6 9. Nbd2 Bg4 10. Ba4+ b5 11. Bc2 g6 12. Qe1 Bg7 13. Ne5 Bf5 14. Ndf3 h5 15.
Ng5 Nxg5 16. Bxf5 Nge4 17. Bh3 e6 18. Qe2 Nh7 19. Bd2 g5 20. Qxh5 Bxe5 21. fxe5
Qe7 22. Rad1 g4 23. Bxg4 1/2-1/2

[Event "Hessen Senioren-ch 2012  8th"]
[Site "Bad Sooden-Adf. (14.4.-22.4)"]
[Date "2012.04.20"]
[Round "7.99"]
[White "Fister, Horst-Lothar"]
[Black "Nols, Uwe"]
[Result "0-1"]
[WhiteElo "1273"]
[BlackElo "1171"]
[PlyCount "44"]
[EventDate "2012.04.??"]
[EventType "swiss"]
[EventRounds "9"]
[EventCountry "GER"]
[WhiteTeam "Werther 1949 SK"]
[BlackTeam "Itzehoer SV"]

1. Nf3 e6 2. d4 d5 3. e3 a6 4. Bd3 Nf6 5. O-O Bd6 6. Nbd2 c5 7. c3 c4 8. Bc2 b5
9. e4 dxe4 10. Nxe4 Nxe4 11. Bxe4 Ra7 12. Re1 O-O 13. Bxh7+ Kxh7 14. Ng5+ Kg6
15. Qc2+ f5 16. h4 Rh8 17. g3 Be7 18. Bf4 Bxg5 19. hxg5 Bb7 20. Rxe6+ Kf7 21.
Qxf5+ Kg8 22. Rae1 Rh1# 0-1

[Event "Hessen Senioren-ch 2012  8th"]
[Site "Bad Sooden-Adf. (14.4.-22.4)"]
[Date "2012.04.20"]
[Round "7.100"]
[White "Bartl, Birgit"]
[Black "Graffenberger, Marianne"]
[Result "0-1"]
[WhiteElo "1096"]
[BlackElo "1129"]
[PlyCount "114"]
[EventDate "2012.04.??"]
[EventType "swiss"]
[EventRounds "9"]
[EventCountry "GER"]
[WhiteTeam "Erfurt USV"]
[BlackTeam "Hamburger SK"]

1. d4 d5 2. Nf3 Nf6 3. e3 c6 4. c3 Bf5 5. Be2 e6 6. O-O Be7 7. Nbd2 O-O 8. c4
b6 9. cxd5 cxd5 10. b3 Ne4 11. Nxe4 dxe4 12. Nd2 Bf6 13. f3 Qd5 14. Bc4 Qc6 15.
fxe4 Bxe4 16. Nxe4 Qxe4 17. Bd3 Qb7 18. Qg4 Nc6 19. Rxf6 Qe7 20. Rf1 f5 21. Qd1
Rac8 22. Bb2 a5 23. a4 Qg5 24. Qe1 Nb4 25. Rc1 Nxd3 26. Qg3 Qxg3 27. hxg3 Nxb2
28. Kh2 Nd3 29. Rcd1 Rc3 30. Rb1 Nb4 31. Rfe1 Nd5 32. e4 fxe4 33. Rxe4 Re3 34.
Rxe3 Nxe3 35. Re1 Nc2 36. Rxe6 Nxd4 37. Rxb6 h5 38. b4 axb4 39. Rxb4 Nc6 40.
Rb5 g6 41. Rb6 Ne7 42. a5 Kg7 43. a6 Ra8 44. Rb7 Kf6 45. Rb6+ Kg7 46. Kh3 Ra7
47. g4 hxg4+ 48. Kxg4 Rc7 49. g3 Rc4+ 50. Kh3 Ra4 51. Kg2 Ra2+ 52. Kf3 Ra3+ 53.
Kg2 Nd5 54. Rb7+ Kf6 55. a7 Ke6 56. g4 Kd6 57. Rg7 Kc6 0-1

[Event "Hessen Senioren-ch 2012  8th"]
[Site "Bad Sooden-Adf. (14.4.-22.4)"]
[Date "2012.04.20"]
[Round "7.101"]
[White "Ludwig, Egbert"]
[Black "Stark, Werner(51)"]
[Result "0-1"]
[WhiteElo "1124"]
[BlackElo "1084"]
[PlyCount "61"]
[EventDate "2012.04.??"]
[EventType "swiss"]
[EventRounds "9"]
[EventCountry "GER"]
[WhiteTeam "Eichholz-Remmighaus TuS"]
[BlackTeam "Königstein/Schwalbach Sfr."]

1. d4 d5 2. Nf3 Nc6 3. g3 Nf6 4. Bg2 e6 5. O-O Bd6 6. Nbd2 O-O 7. c4 b6 8. cxd5
exd5 9. Qc2 Bb7 10. a3 a5 11. b3 Re8 12. e3 b5 13. Bb2 b4 14. a4 Ne7 15. Rfe1
c6 16. e4 dxe4 17. Nxe4 Nxe4 18. Rxe4 c5 19. Ree1 cxd4 20. Ng5 g6 21. Bxb7 Rb8
22. Bg2 Nf5 23. Nf3 Bc5 24. Qxc5 Rxe1+ 25. Rxe1 d3 26. Nd2 Rc8 27. Qe5 Rc3 28.
Qh8+ Kxh8 29. Bxc3+ bxc3 30. Be4 c2 31. Bxd3 0-1

[Event "Hessen Senioren-ch 2012  8th"]
[Site "Bad Sooden-Adf. (14.4.-22.4)"]
[Date "2012.04.20"]
[Round "7.102"]
[White "Brahn, Roswitha"]
[Black "Marinoni, Rainer"]
[Result "1/2-1/2"]
[WhiteElo "1014"]
[BlackElo "1151"]
[PlyCount "26"]
[EventDate "2012.04.??"]
[EventType "swiss"]
[EventRounds "9"]
[EventCountry "GER"]
[WhiteTeam "Burghaun SG"]
[BlackTeam "Eschwege SC"]

1. c4 Nf6 2. d3 e6 3. Nf3 c5 4. Nc3 Nc6 5. e3 Be7 6. Bd2 d5 7. cxd5 exd5 8. Be2
O-O 9. h3 b6 10. O-O Bb7 11. a3 a5 12. Rc1 Rc8 13. Re1 Bd6 1/2-1/2

[Event "Hessen Senioren-ch 2012  8th"]
[Site "Bad Sooden-Adf. (14.4.-22.4)"]
[Date "2012.04.21"]
[Round "8.2"]
[White "Piankov, Evgenij"]
[Black "Kierzek, Matthias Dr"]
[Result "1-0"]
[WhiteElo "2271"]
[BlackElo "2138"]
[PlyCount "81"]
[EventDate "2012.04.??"]
[EventType "swiss"]
[EventRounds "9"]
[EventCountry "GER"]
[WhiteTeam "UKR (Ukraine)"]
[BlackTeam "Fulda SC"]
[WhiteTeamCountry "UKR"]

1. d4 d5 2. c4 e6 3. Nc3 c5 4. cxd5 exd5 5. Nf3 Nc6 6. g3 Nf6 7. Bg2 Be7 8. O-O
O-O 9. Be3 c4 10. Ne5 h6 11. b3 cxb3 12. Qxb3 Na5 13. Qb2 Be6 14. Rac1 Rc8 15.
Bd2 a6 16. Na4 b5 17. Bxa5 Qxa5 18. Nc5 Bf5 19. Qb3 b4 20. Ned3 Bxd3 21. Nxd3
Ne4 22. Bxe4 Rxc1 23. Rxc1 dxe4 24. Ne5 Bd6 25. Nc6 Qb5 26. Qc4 Re8 27. e3 Qa4
28. d5 Qa3 29. Rc2 a5 30. Nd4 Be5 31. Kg2 Bxd4 32. Qxd4 b3 33. axb3 Qxb3 34.
Rc3 Qa2 35. Rc4 Qe2 36. d6 Qf3+ 37. Kg1 Kh7 38. d7 Rb8 39. Rc1 Qf6 40. Qxf6
gxf6 41. Rc8 1-0

[Event "Hessen Senioren-ch 2012  8th"]
[Site "Bad Sooden-Adf. (14.4.-22.4)"]
[Date "2012.04.21"]
[Round "8.4"]
[White "Raedeker, Bernd"]
[Black "Haubt, Georg"]
[Result "0-1"]
[WhiteElo "2059"]
[BlackElo "2189"]
[PlyCount "64"]
[EventDate "2012.04.??"]
[EventType "swiss"]
[EventRounds "9"]
[EventCountry "GER"]
[WhiteTeam "Stuttgarter SF"]
[BlackTeam "Oberursel SV"]

1. d4 Nf6 2. c4 e6 3. Nf3 b6 4. g3 Bb7 5. Bg2 Be7 6. Nc3 Ne4 7. Qc2 Nxc3 8.
Qxc3 O-O 9. O-O f5 10. Rd1 Bf6 11. Qb3 d6 12. a4 Qe7 13. a5 Nd7 14. a6 Be4 15.
Bf1 Rab8 16. Ne1 Qf7 17. Ng2 g5 18. f3 Ba8 19. Qc2 Qg7 20. e4 Bxd4+ 21. Rxd4
Qxd4+ 22. Be3 Qg7 23. Bd3 fxe4 24. Bxe4 Ne5 25. Bxa8 Rxa8 26. f4 Ng4 27. Qe4
Qh6 28. h4 gxh4 29. Nxh4 Nxe3 30. Qxe3 Rae8 31. Qe4 Qg7 32. Qg2 e5 0-1

[Event "Hessen Senioren-ch 2012  8th"]
[Site "Bad Sooden-Adf. (14.4.-22.4)"]
[Date "2012.04.21"]
[Round "8.5"]
[White "Ugolyk, Vitaliy"]
[Black "Gousseinov, Aguif"]
[Result "1-0"]
[WhiteElo "2210"]
[BlackElo "1935"]
[PlyCount "48"]
[EventDate "2012.04.??"]
[EventType "swiss"]
[EventRounds "9"]
[EventCountry "GER"]
[WhiteTeam "Fulda SC"]
[BlackTeam "FRA/Paris"]
[BlackTeamCountry "FRA"]

1. d4 d5 2. c4 e6 3. Nc3 Nf6 4. Nf3 Nbd7 5. e3 c6 6. Bd3 Bd6 7. O-O O-O 8. e4
dxc4 9. Bxc4 e5 10. Be3 Qc7 11. h3 h6 12. Qc2 Re8 13. Rfe1 exd4 14. Nxd4 Nb6
15. Bf1 Bf4 16. Bxf4 Qxf4 17. Rad1 Be6 18. Nxe6 Rxe6 19. g3 Qg5 20. Kh2 Rae8
21. Bg2 Qc5 22. Re2 Rd6 23. Rde1 Rd4 24. f4 Red8 1-0

[Event "Hessen Senioren-ch 2012  8th"]
[Site "Bad Sooden-Adf. (14.4.-22.4)"]
[Date "2012.04.21"]
[Round "8.6"]
[White "Knaak, Joachim"]
[Black "Petzold, Hans ProfDr"]
[Result "0-1"]
[WhiteElo "2099"]
[BlackElo "1996"]
[PlyCount "68"]
[EventDate "2012.04.??"]
[EventType "swiss"]
[EventRounds "9"]
[EventCountry "GER"]
[WhiteTeam "Dresden-Leuben SV"]
[BlackTeam "Dresden TU USV"]

1. d4 e6 2. c4 Nf6 3. Nc3 Bb4 4. Qc2 Nc6 5. Nf3 d6 6. Bd2 Qe7 7. a3 Bxc3 8.
Bxc3 a5 9. e4 e5 10. d5 Nb8 11. Be2 b6 12. b4 axb4 13. axb4 Rxa1+ 14. Bxa1 O-O
15. O-O Ng4 16. Bd3 Nh6 17. Bb2 f5 18. c5 bxc5 19. bxc5 Nd7 20. cxd6 cxd6 21.
Qc7 fxe4 22. Bxe4 Ba6 23. Rc1 Rf4 24. Nd2 Ng4 25. Bf3 Qh4 26. Bxg4 Qxf2+ 27.
Kh1 Rxg4 28. Rg1 Nf8 29. Bc3 Rg6 30. Ne4 Qe3 31. Nxd6 Rf6 32. h3 Bf1 33. Kh2
Qf4+ 34. Kh1 Qg3 0-1

[Event "Hessen Senioren-ch 2012  8th"]
[Site "Bad Sooden-Adf. (14.4.-22.4)"]
[Date "2012.04.21"]
[Round "8.7"]
[White "Pape, Manfred(43)"]
[Black "Thieme, Hans(08.33)"]
[Result "1-0"]
[WhiteElo "2098"]
[BlackElo "1959"]
[PlyCount "43"]
[EventDate "2012.04.??"]
[EventType "swiss"]
[EventRounds "9"]
[EventCountry "GER"]
[WhiteTeam "Bad Harzburg SK"]
[BlackTeam "Oberursel SV"]

1. e4 c5 2. Nf3 e6 3. d3 d6 4. g3 b5 5. Bg2 Bb7 6. Nbd2 Nf6 7. O-O Nbd7 8. Re1
Be7 9. Nh4 Qb6 10. a4 a6 11. axb5 axb5 12. Rxa8+ Bxa8 13. e5 Nd5 14. c4 Nc7 15.
exd6 Qxd6 16. Bxa8 Nxa8 17. Ne4 Qb6 18. cxb5 Bxh4 19. gxh4 Nf6 20. Qa4 O-O 21.
Nxf6+ gxf6 22. Bh6 1-0

[Event "Hessen Senioren-ch 2012  8th"]
[Site "Bad Sooden-Adf. (14.4.-22.4)"]
[Date "2012.04.21"]
[Round "8.8"]
[White "Haselhorst, Helmut"]
[Black "Lang, Ferdinand(49)"]
[Result "1/2-1/2"]
[WhiteElo "1984"]
[BlackElo "2051"]
[PlyCount "95"]
[EventDate "2012.04.??"]
[EventType "swiss"]
[EventRounds "9"]
[EventCountry "GER"]
[WhiteTeam "Ost/Westbevern SK"]
[BlackTeam "Bad Wimpfen SC"]

1. d4 Nf6 2. Nf3 g6 3. c4 c5 4. Nc3 cxd4 5. Nxd4 Nc6 6. e4 d6 7. Be2 Bg7 8. Be3
O-O 9. O-O Bd7 10. Qd2 Ng4 11. Bxg4 Bxg4 12. f4 Bd7 13. Kh1 Qa5 14. Rad1 Rfe8
15. Nb3 Qh5 16. Nd5 Rac8 17. Nc1 Bg4 18. Rde1 b6 19. b3 e6 20. Nb4 Nxb4 21.
Qxb4 d5 22. exd5 exd5 23. Bg1 Rxe1 24. Rxe1 dxc4 25. bxc4 Be6 26. Qa4 Bc3 27.
Re2 Rxc4 28. Qxa7 Bf6 29. Re1 Qh4 30. Rf1 Rc2 31. Qa8+ Kg7 32. Bxb6 Bc4 33. Qe4
Bxf1 34. Qxc2 Qe1 35. Bg1 Kh6 36. Nb3 Be2 37. Qc1 Qb4 38. Bc5 Qe4 39. Qe1 Kg7
40. h3 Qc4 41. Qb4 Qxb4 42. Bxb4 Bd8 43. Kg1 Bc4 44. Kf2 Bb6+ 45. Ke1 Kf6 46.
g4 Ke6 47. Nc1 Kf6 48. a4 1/2-1/2

[Event "Hessen Senioren-ch 2012  8th"]
[Site "Bad Sooden-Adf. (14.4.-22.4)"]
[Date "2012.04.21"]
[Round "8.9"]
[White "Franck, Rudolf"]
[Black "Heinzel, Peter"]
[Result "1-0"]
[WhiteElo "2064"]
[BlackElo "1907"]
[PlyCount "36"]
[EventDate "2012.04.??"]
[EventType "swiss"]
[EventRounds "9"]
[EventCountry "GER"]
[WhiteTeam "Ellwangen SC"]
[BlackTeam "Mülheim 08/25 SV"]

1. d4 Nf6 2. e3 d5 3. c4 c6 4. a3 e6 5. Nc3 Be7 6. c5 Nbd7 7. f4 b5 8. b4 a5 9.
Bd2 a4 10. Bd3 Nf8 11. Nf3 Qc7 12. Ne5 g6 13. Nxc6 Ba6 14. Ne5 Rb8 15. Nxa4 Ne4
16. Nc3 f6 17. Nf3 Nxc3 18. Bxc3 Bc8 1-0

[Event "Hessen Senioren-ch 2012  8th"]
[Site "Bad Sooden-Adf. (14.4.-22.4)"]
[Date "2012.04.21"]
[Round "8.10"]
[White "Biller, Helmut Dr"]
[Black "Zunker, Reinhard Dr"]
[Result "1/2-1/2"]
[WhiteElo "1975"]
[BlackElo "2030"]
[PlyCount "92"]
[EventDate "2012.04.??"]
[EventType "swiss"]
[EventRounds "9"]
[EventCountry "GER"]
[WhiteTeam "Frankfurt 1921 Sfr."]
[BlackTeam "Hofheim 1920 SV"]

1. d4 Nf6 2. Nf3 d6 3. c4 g6 4. Nc3 Bg7 5. e4 O-O 6. Be2 e5 7. O-O Nc6 8. d5
Ne7 9. b4 Nh5 10. Re1 f5 11. Ng5 Nf6 12. Bf3 Kh8 13. Qb3 h6 14. Ne6 Bxe6 15.
dxe6 fxe4 16. Nxe4 Nf5 17. Bb2 Nh4 18. Bd1 Qe7 19. g3 Nf5 20. Bf3 c6 21. c5
Nxe4 22. Rxe4 d5 23. Rxe5 Bxe5 24. Bxe5+ Kh7 25. Bg2 Qxe6 26. f4 Rae8 27. Qd3
Ng7 28. a4 Rf7 29. Qc3 Nf5 30. b5 Rd7 31. Rb1 Qe7 32. Rc1 h5 33. Bh3 Qf7 34.
Qd3 Rde7 35. Rb1 Nh6 36. bxc6 bxc6 37. Qa6 Ng4 38. Bxg4 hxg4 39. Qxc6 Qf5 40.
Rb7 Qf7 41. Rxe7 Rxe7 42. Qc8 Re8 43. Qxg4 Qf5 44. h3 Rc8 45. Bd6 Rc6 46. a5
Ra6 1/2-1/2

[Event "Hessen Senioren-ch 2012  8th"]
[Site "Bad Sooden-Adf. (14.4.-22.4)"]
[Date "2012.04.21"]
[Round "8.11"]
[White "Bachmann, Rolf"]
[Black "Lenk, Wolfgang"]
[Result "0-1"]
[WhiteElo "1933"]
[BlackElo "2022"]
[PlyCount "40"]
[EventDate "2012.04.??"]
[EventType "swiss"]
[EventRounds "9"]
[EventCountry "GER"]
[WhiteTeam "Hamm SVg"]
[BlackTeam "Dresden TU USV"]

1. c4 Nf6 2. Nc3 g6 3. g3 Bg7 4. Bg2 O-O 5. e3 e5 6. Nge2 Nc6 7. O-O d6 8. d4
exd4 9. exd4 Bf5 10. a3 Re8 11. h3 Rb8 12. b4 a6 13. Bb2 Ne4 14. Nxe4 Bxe4 15.
f3 Bf5 16. g4 Bd7 17. f4 Re3 18. Qd2 Qe7 19. Rae1 Re8 20. Bc3 Rxe2 0-1